<?xml version="1.0" encoding="UTF-8"?>
<record
    xmlns:xsi="http://www.w3.org/2001/XMLSchema-instance"
    xsi:schemaLocation="http://www.loc.gov/MARC21/slim http://www.loc.gov/standards/marcxml/schema/MARC21slim.xsd"
    xmlns="http://www.loc.gov/MARC21/slim">

  <leader>02097    a2200229   4500</leader>
  <controlfield tag="001">56993</controlfield>
  <controlfield tag="005">20260407155832.0</controlfield>
  <controlfield tag="008">260407a2005    arg                 spa d</controlfield>
  <controlfield tag="003">AR-UNSa-BCEJYS</controlfield>
  <datafield tag="040" ind1=" " ind2=" ">
    <subfield code="a">AR-UNSa-BCEJYS</subfield>
    <subfield code="b">spa</subfield>
    <subfield code="c">AR-UNSa-BCEJYS</subfield>
  </datafield>
  <datafield tag="080" ind1=" " ind2=" ">
    <subfield code="a">929:330</subfield>
    <subfield code="x">Biograf&#xED;a de Economistas</subfield>
  </datafield>
  <datafield tag="245" ind1="1" ind2="0">
    <subfield code="a">The nobel memorail laureates in economics</subfield>
    <subfield code="p">an introduction to their careers and main published works</subfield>
  </datafield>
  <datafield tag="020" ind1=" " ind2=" ">
    <subfield code="a">1-84376-600-0</subfield>
  </datafield>
  <datafield tag="264" ind1=" " ind2="1">
    <subfield code="a">Massachusetts :</subfield>
    <subfield code="b">Edward Elgar</subfield>
    <subfield code="c">2005</subfield>
  </datafield>
  <datafield tag="300" ind1=" " ind2=" ">
    <subfield code="a">362 p.</subfield>
    <subfield code="c">26 cm.</subfield>
  </datafield>
  <datafield tag="505" ind1=" " ind2=" ">
    <subfield code="a">1. 1969 Ragnar Frisch - Jan Tinbergen &#x2013; 2. 1970 Paul Samuelson &#x2013; 3. 1971 Simon Kuznets &#x2013; 4. John Hicks - Kenneth Arrow &#x2013; 5. 1973 Wassily Leontief &#x2013; 6. 1974 Gunnar Myrdal - Friedrich von Hayek &#x2013; 7. 1975 Leonid Kantorovich - Tjalling Koopmans &#x2013; 8. 1976 Milton Friedman &#x2013; 9. 1977 Bertil Ohlin - James Meade &#x2013; 10. 1978 Herbert A. Simon &#x2013; 11. 1979 Theodore Schultz - Arthur Lewis &#x2013; 12. 1980 Lawrence Klein &#x2013; 13. 1981 James Tobin &#x2013; 14. 1982 George Stigler &#x2013; 15. 1983 G&#xE9;rard Debreu &#x2013; 16. 1984 Richard Stone &#x2013; 17. 1985 Franco Modigliani &#x2013; 18. 1986 James M. Buchanan &#x2013; 19. 1987 Robert Solow &#x2013; 20. 1988 Maurice Allais &#x2013; 21. 1989 Trygve Haavelmo &#x2013; 22. 1990 Harry Markowitz - Merton Miller - William F. Sharpe &#x2013; 23. 1991 Ronald Coase &#x2013; 24. 1992 Gary Becker &#x2013; 25. 1993 Robert Fogel - Douglass North &#x2013; 26. 1994 John Harsanyi - John Forbes Nash Jr. - Reinhard Selten &#x2013; 27. 1995 Robert Lucas, Jr. &#x2013; 28. 1996 James Mirrlees - William Vickrey &#x2013; 29. 1997 Robert C. Merton - Myron Scholes &#x2013; 30. 1998 Amartya Sen &#x2013; 31. 1999 Robert Mundell &#x2013; 32. 2000 James Heckman - Daniel McFadden &#x2013; 33. 2001 George Akerlof - Michael Spence - Joseph Stiglitzn &#x2013; 34. 2002 Daniel Kahneman - Vernon L. Smith &#x2013; 35. 2003 Robert F. Engle - Clive Granger &#x2013; 36. 2004 Finn E. Kydland - Edward C. Prescott</subfield>
  </datafield>
  <datafield tag="942" ind1=" " ind2=" ">
    <subfield code="c">BK</subfield>
  </datafield>
  <datafield tag="590" ind1=" " ind2=" ">
    <subfield code="a">niveau_biblio:m niveau_hierar:0</subfield>
  </datafield>
  <datafield tag="100" ind1="1" ind2=" ">
    <subfield code="a">Vane, Howard R.</subfield>
  </datafield>
  <datafield tag="700" ind1="1" ind2=" ">
    <subfield code="a">Mulhearn, Chris</subfield>
  </datafield>
  <datafield tag="856" ind1="4" ind2="1">
    <subfield code="u">https://biblioeco.unsa.edu.ar/pmb/images/libros/L128633.jpg</subfield>
    <subfield code="y">Imagen de portada</subfield>
    <subfield code="q">image/jpeg</subfield>
  </datafield>
  <datafield tag="999" ind1=" " ind2=" ">
    <subfield code="c">6081</subfield>
    <subfield code="d">6081</subfield>
  </datafield>
  <datafield tag="952" ind1=" " ind2=" ">
    <subfield code="0">0</subfield>
    <subfield code="1">0</subfield>
    <subfield code="4">0</subfield>
    <subfield code="7">0</subfield>
    <subfield code="a">BCEJYS</subfield>
    <subfield code="b">BCEJYS</subfield>
    <subfield code="c">16</subfield>
    <subfield code="d">2026-04-07</subfield>
    <subfield code="l">0</subfield>
    <subfield code="o">929:330 V249</subfield>
    <subfield code="p">L128633</subfield>
    <subfield code="r">2026-04-07 15:58:32</subfield>
    <subfield code="w">2026-04-07</subfield>
    <subfield code="y">L</subfield>
  </datafield>
</record>
